000 05836nab a2200361 i 4500
003 BR-BrBNA
005 20240621143458.0
008 240621b2020 bl.qr|pooa||| 00| 0 eng |
040 _aBR-BrBNA
_beng
072 _aF04
_b2790
072 _aP34
100 _aPeccatti, Aline
100 _aRovedder, Ana Paula Moreira
100 _aSteffen, Gerusa Pauli Kist
100 _aMaldaner, Joseila
100 _aCamargo, Betina
100 _aDalcul, Luna Parode
100 _aCapitani, Luana Camila
100 _aHummel, Rafaela Badinelli
100 _aNeeuenschwander, Frederico
245 _aBiological inputs in promoting the growth of Bauhinia forficata Link. seedlings
500 _aPublicação on-line; 31 ref.; 7 tables; Summaries (En, Pt)
520 _a Abstract Crops of medicinal plants demand careful attention with agrochemicals in order to avoid changing the composition of its active principles. Biological inputs are more recommended for this purpose. We tested the effects of Trichoderma and vermicompost on Bauhinia forficata Link. seedlings, one of the most exploited species for medicinal purposes. Two trials were installed in a completely randomized design with 40 replicates in a greenhouse in southern Brazil. We tested two Trichoderma asperelloides strains (T1 and T2) and two Trichoderma harzianum strains (T13 and T33) inoculated on substrate and a control treatment (substrate without inoculation). The vermicompost assay tested the proportions 0, 20, 40, 50, 60 and 80 % vermicompost (T1, T2, T3, T4, T5 and T6 respectively). The variables of height, collar diameter, chlorophyll content and leaf number were evaluated at 45, 90 and 135 days after seeding. We analyzed seedlings survival, leaf area, shoot and root total dry biomass, and Dickson Quality Index at 135 days after seeding. Leaf area was submitted to the Tukey test (α = 0.05). Other variables did not present normality and homogeneity of variances and were compared by Kruskal-Wallis (α = 0.05). Biological inputs positively influenced the initial growth of Bauhinia forficata. Height, collar diameter, leaf area and try biomass (total, shoot and root) were higher in relation to control treatments for both trials. Among Trichoderma strains, T13 presented the best results in relation to T33. Seedlings produced with larger percentages of vermicompost (50, 60 and 80%) presented statistically higher development for height and collar diameter 90 days after seeding when compared to the control treatment. However, there was no clear pattern of differences between the other doses of this entry, requiring further dosing tests. Trichoderma and vermicompost showed to be promising for the production of Bauhinia forficata for medicinal purposes. Keywords: Trichoderma; Vermicompost; Medicinal species; Pata-de-vaca; Fabaceae
520 _a Resumo O cultivo de plantas medicinais exige cuidado na aplicação de agroquímicos a fim de evitar a alteração da composição de seus princípios ativos. Os insumos biológicos são mais recomendáveis para esse propósito. Foi testado o efeito de Trichoderma spp. e vermicomposto em mudas de Bauhinia forficata Link., uma das espécies florestais mais exploradas para fins medicinais, a partir de dois ensaios instalados em delineamento inteiramente casualizado com 40 repetições, em casa de vegetação. Testamos duas estirpes de Trichoderma asperelloides (T1 e T2) e duas estirpes de Trichoderma harzianum (T13 e T33) inoculadas em substrato e um tratamento controle (substrato sem inoculação). O ensaio com vermicomposto testou as proporções de 0, 20, 40, 50, 60 e 80 % de vermicomposto (T1, T2, T3, T4, T5 e T6 respectivamente). As variáveis altura, diâmetro do coleto, teor de clorofila e número de folhas foram avaliadas aos 45, 90 e 135 dias após a semeadura. Analisamos também a sobrevivência, área foliar, biomassa seca total, da parte aérea e raízes e Índice de Qualidade de Dickson das mudas aos 135 dias após a semeadura. A área foliar foi submetida ao teste de Tukey (α = 0,05). Outras variáveis não apresentaram normalidade e homogeneidade de variâncias e foram comparadas por Kruskal-Wallis (α = 0,05). Os insumos biológicos influenciaram positivamente no crescimento inicial de Bauhinia forficata. A altura, o diâmetro do coleto, a área foliar e a biomassa seca (total, aérea e radicular) foram superiores em relação aos tratamentos controle, para ambos os ensaios. Dentre as estirpes de Trichoderma spp., T13 apresentou melhores resultados para o crescimento das mudas em relação à T33. Mudas produzidas com proporções maiores de vermicomposto (50, 60 e 80 %) apresentaram desenvolvimento estatisticamente superior em altura e diâmetro do coleto, a partir dos 90 dias após semeadura, quando comparado ao tratamento controle. No entanto, não houve um padrão claro de diferenças entre as outras doses testadas, exigindo mais testes de dosagem. Trichoderma spp. e vermicomposto mostraram-se promissores para produção de Bauhinia forficata para fins medicinais. Palavras-chave: Trichoderma; Vermicomposto; Espécies medicinais; Pata-de-vaca; Fabaceae
650 _aTRICHODERMA
650 _aPLANTA MEDICINAL
650 _aMORORÓ
650 _aBAUHINIA FORFICATA
773 0 _04065
_9315987
_dSanta Maria-RS Universidade Federal de Santa Maria - Centro de Pesquisas Florestais.Departamento de Ciências Florestais. Programa de Pós-Graduação em Engenharia Florestal 1991
_o2024-2357
_tCiência Florestal (Brazil)
_x0103-9954; 1980-5098 (on-line)
_gv. 30(2) p. 367-379; (Apr-Jun 2020)
_wBR2023001748
856 _uhttps://www.scielo.br/j/cflo/a/LKnjgjLxWmVTYQ36wLvZL4N/?format=pdf&lang=en
942 _cAnalítica
999 _c300178
_d300178